Logique - Mort Subite #15 - Statistiques

Statistiques générales
  • Ce quiz a été pris 126 fois
  • Le résultat moyen est 5 sur 25
Answers on the Grid
Answers color-coded by a green-red scale on the quiz's grid according to % correct below.
Ikéa
Desperados
A tes gosses
Chocolat
Harry Potter
Accès à tout
Y bisa
Mythomane
Antilope
Iles Caïmans
206 Os
Tour Anne
Touareg
Deux-cent-huit
Clitoris
Capture
Golf du Bengale
Corsage
Pablo Picasso
Babouin
C'est moins bien que Sarah
Civic
911 Appel d'Urgence
Absolument pas
Sucre
Polo
Fructose
Passation
Clique au risque de perdre
I go to sleep
Conception
Anglais
Série 2
Chaussure Puma
Transit intestinal
Ordinateur
Taylor Swift
Nokia
Lampe
Vairon
 
Statistiques - réponses
Réponse % Correct
Y bisa
46%
A tes gosses
29%
Polo
29%
Golf du Bengale
27%
Pablo Picasso
26%
Touareg
25%
206 Os
24%
Deux-cent-huit
24%
Civic
22%
Corsage
22%
Tour Anne
21%
I go to sleep
20%
911 Appel d'Urgence
19%
Capture
19%
Série 2
19%
Taylor Swift
19%
Clique au risque de perdre
15%
Iles Caïmans
15%
Passation
15%
Transit intestinal
15%
C'est moins bien que Sarah
14%
Chaussure Puma
14%
Vairon
13%
Conception
8%
Mythomane
8%
Aucun quiz correspondant
Distribution des résultats
% des personnes avec chaque résultat
Percentile par nombre de réponses
Votre historique - résultats
Vous n’avez pas pris ce quiz